Statistics for A ICE from Karlsruhe to Zürich

Click here to take the quiz!

General Stats

  • This quiz has been taken 9 times
  • The average score is 7 of 17

Answer Stats

Answer% Correct
Karlsruhe
100%
Zürich
100%
Frauenfeld
38%
Konstanz
38%
Kreuzlingen
38%
Radolfzell
38%
Rottweil
38%
Singen
38%
Tuttlingen
38%
Villingen-Schwenningen
38%
Winterthur
38%
Ettlingen
25%
Freudenstadt
25%
Gaggenau
25%
Zürich Airport
25%
Zürich Oerkilon
13%
Döbeldorf
0%

Score Distribution

Percentile by Number Answered

Percent of People with Each Score

Your Score History

You have not taken this quiz